000
00303 a2200121 4500
000
nam a22 7a 4500
005
20260305121714.0
020
_a
9788177024319
100
_a
Subhash Vidyalankar
_9
1123578
245
_a
Yog Upnishad (2 Volumes)
260
_b
Pratibha Prakashan
_c
2018
942
_c
TEXL
999
_c
1688463
_d
1688463